Breaking Bad and Better Call Saul Characters - Statistics

General Stats
  • This quiz has been taken 80 times
  • The average score is 13 of 16
Answer Stats
Picture Answer % Correct
Walter White
100%
Skyler White
99%
Jesse Pinkman
97%
Hank Schrader
96%
Heisenberg
96%
Tuco Salamanca
94%
Walter White Jr
94%
Marie Schrader
91%
Skinny Pete
85%
Badger
84%
Crazy 8
82%
Steve Gomez
76%
Gretchen Schwartz
53%
Emilio Koyoma
44%
Elliott Schwartz
40%
Diane Pinkman
32%
No matching quizzes found
Score Distribution
Percent of People with Each Score
Percentile by Number Answered
Your Score History
You have not taken this quiz